Tareq Rajab Museum /

محفوظ في:

المؤلف الرئيسي: Rajab, Jehan S. (مؤلف)

مؤلف مشترك: Tareq Rajab Museum (Kuwait).

التنسيق: كتاب

اللغة: English

منشور في: Kuwait : Tareq Rajab Museum, 1983.

الموضوعات:

الوسوم: إضافة وسم

لا توجد وسوم, كن أول من يضع وسما على هذه التسجيلة!

رقم الطلب: N3750 .K88 R35 1983

LEADER 00883namaa2200265 4500
001 25134
003 OSt
005 20250819081717.0
008 130303s1983 ku a 000 0 eng d
040 |c ARCE Library 
043 |a a-ku--- 
050 4 |a N3750 .K88 R35 1983 
100 1 |a Rajab, Jehan S.,  |e author 
245 1 0 |a Tareq Rajab Museum /   |c Jehan S. Rajab ; [photographs, Tareq S. Rajab]. 
246 3 |i At head of title in Arabic :  |a Mathạf Ṭāriq. 
264 1 |a Kuwait :   |b Tareq Rajab Museum,   |c 1983.  
300 |a 1 volume (unpaged) :   |b color illustrations, ;   |c 24 cm. 
610 2 0 |a Tareq Rajab Museum (Kuwait)  |v Guidebooks.  |9 23804 
650 0 |a Art museums  |z Kuwait  |v Guidebooks. 
650 0 |a Islamic art  |z Kuwait  |v Guidebooks. 
650 0 |a Art, Arab  |z Kuwait  |v Guidebooks. 
710 2 |a Tareq Rajab Museum (Kuwait). 
901 |a reviewed 
942 |c BK  |2 lcc 
999 |c 21096  |d 21096